National Founders - Statistics

General Stats
  • This quiz has been taken 83,928 times
    57,484 since last reset
  • The average score is 15 of 22
Answer Stats
Leader Country % Correct
George Washington United States
100%
Mao Zedong China
99%
Genghis Khan Mongolia
96%
Ho Chi Minh Vietnam
94%
Mahatma Gandhi India
93%
Otto von Bismarck Germany
92%
Ivan the Terrible Russia
92%
Ferdinand and Isabella Spain
81%
Mustafa Kemal Atatürk Turkey
81%
Giuseppe Garibaldi Italy
78%
Prince William of Orange Netherlands
71%
Miguel Hidalgo y Costilla Mexico
70%
David Ben-Gurion Israel
56%
Cyrus the Great Iran
53%
Toussaint Louverture Haiti
51%
Pedro I Brazil
42%
Harald Fairhair Norway
42%
Clovis France
41%
Sukarno Indonesia
39%
Mohammad Ali Jinnah Pakistan
37%
Lee Kuan Yew Singapore
34%
Stephen I Hungary
21%
No matching quizzes found
Score Distribution
Percent of People with Each Score
Percentile by Number Answered
Your Score History
You have not taken this quiz since the last reset